000 00844nam a22002057a 4500
008 260513b mx ||||| |||| 00| 0 spa d
020 _a84-253-0607-8 (ISBN)
040 _bspa
082 0 4 _2869.6 / B42
100 _aLAS TRES MARIAS (Maria Velho da Costa, Maria Isabel Barreno y Maria Teresa Horta)
245 _aNUEVAS CARTAS PORTUGUESAS
260 _aESPAÑA
_bFUTURA Y MARÍA ISABEL BARRENO, MARÍA TERESA HORTA, MARÍA VELHO DA COSTA
_c1974
300 _a377 Páginas
_b19cm X 12cm
336 _2rdacontent
_atexto
_btxt
337 _2rdamedia
_asin mediación
_bn
338 _2rdacarrier
_avolumen
_bnc
505 _aUNA OBRA SIMBÓLICA DEL LIBRO MÁS DISCUTIDO Y APASIONADO DE ESTOS ÚLTIMOS AÑOS, UNA DENUNCIA IMPLACABLE DE LA MÍSTICA FEMENINA DEL SIGLO XX.
700 _aEDUARDO BUTRAGUEÑO
_bTRADUCTOR
942 _2ddc
_cCONSULTA
999 _c68579
_d68579